Statistics for Cities I Visited in 2023

Click here to take the quiz!

General Stats

  • This quiz has been taken 23 times
  • The average score is 13 of 49

Answers on the Map

Answers color-coded by a green-red scale on the quiz's map according to % correct below.
 

Answer Stats

StatePopulationAnswer% Correct
California3,822,238Los Angeles
95%
Massachusetts675,647Boston
90%
Washington749,256Seattle
90%
California1,381,162San Diego
86%
Georgia498,715Atlanta
81%
Oregon652,503Portland
81%
North Carolina476,587Raleigh
81%
North Carolina897,720Charlotte
67%
Georgia147,780Savannah
57%
Oregon175,535Salem
52%
North Carolina301,115Greensboro
48%
California344,461Anaheim
43%
North Carolina291,928Durham
33%
Oregon176,654Eugene
33%
Virginia184,306Newport News
24%
North Carolina62,098Chapel Hill
19%
Virginia45,373Charlottesville
19%
North Carolina71,065Apex
14%
Massachusetts118,403Cambridge
14%
California101,299Chico
14%
North Carolina40,810Fuquay-Varina
14%
North Carolina45,945Holly Springs
14%
Virginia15,425Williamsburg
14%
Virginia1,554Bracey
10%
California107,337Burbank
10%
North Carolina21,298Carrboro
10%
North Carolina180,388Cary
10%
North Carolina395Caswell Beach
10%
North Carolina311Davis
10%
Washington2,845Eatonville
10%
North Carolina852Efland
10%
North Carolina82,653Gastonia
10%
California540Groveland
10%
North Carolina9,716Hillsborough
10%
Virginia575La Crosse
10%
South Carolina3,878Manning
10%
North Carolina9,322Oak Island
10%
North Carolina9,475Rolesville
10%
North Carolina313Seven Devils
10%
North Carolina7,702Siler City
10%
Virginia4,456South Hill
10%
North Carolina3,971Southport
10%
Georgia6,703Stone Mountain
10%
North Carolina371Sugar Mountain
10%
California7,715Thousand Palms
10%
California2,699Three Rivers
10%
North Carolina436Valle Crucis
10%
North Carolina851Warrenton
10%
California21,738Yucca Valley
10%

Score Distribution

Percentile by Number Answered

Percent of People with Each Score

Your Score History

You have not taken this quiz